000 00727nam a2200289Ia 4500
005 20260324113019.0
008 008 260324s9999 xx 000 0 eng d
020 _a9781003485216
037 _aEBOOK
040 _aCRL
040 _beng
040 _cCRL
041 _2eng
041 _aeng
084 _qCRL
100 _aLando Kirchmair; Norbert Paulo
_91145069
245 0 _aMoral Dilemmas Involving Self-Driving Cars
245 0 _bHow to Regulate Them and Why Your Opinion Matters
260 _bTaylor and Francis
260 _c2024
365 _a
365 _b220
856 _uhttp://www.taylorfrancis.com/books/9781003485216
942 _cEBOOK
999 _c1734490
_d1734490